MARC

LEADER 00000nam0a2200000 4500
001 352870
005 20231101041055.0
035 |a (RuTPU)RU\TPU\retro\9702 
035 |a RU\TPU\retro\9615 
090 |a 352870 
100 |a 20200210d1955 k y0rusy50 ca 
101 0 |a rus 
102 |a RU 
105 |a a z 001zy 
200 1 |a К вопросу о связи электрической прочности жидких диэлектриков с их физико-химическими свойствами  |e [оттиск статьи]  |f А. А. Воробьев, А. Ф. Калганов 
210 |a Томск  |d 1955 
215 |a С. 1942-1944  |c ил. 
225 1 |a Журнал физической химии  |v Т. 29  |h Вып. 11 
316 |5 63413507: ШкА/6141  |a На обложке дарственная надпись: "Научно-Технической библиотеке Томского Политехнического ин. А. Воробьев. 9.1.56 г." 
320 |a Библиогр.: с. 1944 
606 1 |a Диэлектрики жидкие  |x Электрическая прочность  |2 stltpush  |3 (RuTPU)RU\TPU\subj\9784 
610 1 |a коллекция ТПУ 
610 1 |a оттиски 
610 1 |a дарственные надписи 
610 1 |a дары автора 
610 1 |a дары библиотеке 
610 1 |a труды учёных ТПУ 
610 1 |a гомологические ряды 
610 1 |a жидкие углеводороды 
610 1 |a термодинамический потенциал 
610 1 |a межмолекулярные связи 
610 1 |a электрический пробой 
675 |a 537.226.7  |v 4 
700 1 |a Воробьев  |b А. А.  |c российский физик  |c ректор Томского политехнического института, профессор  |f 1909-1981  |g Александр Акимович  |x TPU  |2 stltpush  |3 (RuTPU)RU\TPU\pers\12805 
701 1 |a Калганов  |b А. Ф. 
801 1 |a RU  |b 63413507  |c 20200206 
801 2 |a RU  |b 63413507  |c 20230623  |g RCR 
942 |c BK